| 000 | 00888cam a2200301 a 4500 | ||
|---|---|---|---|
| 999 |
_c8133 _d8133 |
||
| 001 | 8133 | ||
| 003 | BD-JhCC | ||
| 005 | 20180920125032.0 | ||
| 008 | 000207s1963 enk b 00110 eng d | ||
| 035 | _a(BD-JhCC)8133 | ||
| 035 | _a1787089 | ||
| 040 |
_aANL _cANL _dANL _dBD-JhCC |
||
| 041 | _aeng | ||
| 082 |
_bGRE 1963 _a951 |
||
| 100 | 1 | _aGreene, Felix. | |
| 245 | 1 | 4 |
_aThe wall has two sides : _ba portrait of China today / _cFelix Greene. |
| 250 | _aRev. ed. | ||
| 260 |
_aLondon : _bReprint Society, _c1963. |
||
| 300 |
_a432 p. ; _c21 cm. |
||
| 500 | _aIncludes index. | ||
| 500 | _a"First published in Great Britain 1962" -- T.p.verso. | ||
| 504 | _aBibliography: p.423-427. | ||
| 651 | 0 |
_aChina _xDescription and travel. |
|
| 651 | 0 |
_aChina _xSocial conditions _y1949-1976. |
|
| 651 | 0 |
_aChina _xEconomic conditions _y1949-1976. |
|
| 942 |
_2ddc _cBK |
||